[Event "MCR_CF285"]
[Site "?"]
[Date "2004.??.??"]
[Round "?"]
[White "Bernard, Roman"]
[Black "Brichacek, Milan"]
[Result "0-1"]
[WhiteElo "2000"]
[BlackElo "2048"]
[PlyCount "38"]
[EventDate "2004.??.??"]
[SourceDate "2005.03.12"]

{Bernard vystoupil!} 1. e4 e6 2. d4 d5 3. Nd2 Nf6 4. e5 Nfd7 5. Bd3 c5 6. c3
Nc6 7. Ne2 cxd4 8. cxd4 f6 9. exf6 Nxf6 10. O-O Bd6 11. Nf3 O-O 12. Qb3 Qc7 13.
Be3 Bd7 14. Rac1 Ng4 15. h3 Nxe3 16. fxe3 Qd8 17. a3 Rc8 18. Rc3 Kh8 19. e4 Na5
0-1

[Event "MCR_CF285"]
[Site "?"]
[Date "2004.??.??"]
[Round "?"]
[White "Bernard, Roman"]
[Black "Celbr, Rudolf"]
[Result "0-1"]
[WhiteElo "2000"]
[BlackElo "2023"]
[PlyCount "39"]
[EventDate "2004.??.??"]
[SourceDate "2005.03.12"]

{Bernard vystoupil!} 1. e4 c5 2. Nf3 Nc6 3. d4 cxd4 4. Nxd4 Nf6 5. Nc3 e6 6.
Ndb5 d6 7. Bf4 e5 8. Bg5 a6 9. Na3 b5 10. Bxf6 gxf6 11. Nd5 f5 12. exf5 Bxf5
13. c3 Bg7 14. Nc2 Be6 15. g3 O-O 16. Bg2 Ra7 17. O-O f5 18. a4 bxa4 19. Nce3
f4 20. Qxa4 0-1

[Event "MCR_CF285"]
[Site "?"]
[Date "2004.??.??"]
[Round "?"]
[White "Bernard, Roman"]
[Black "Cvak, Rudolf"]
[Result "0-1"]
[WhiteElo "2000"]
[BlackElo "1920"]
[PlyCount "44"]
[EventDate "2004.??.??"]
[SourceDate "2005.03.12"]

{Bernard vystoupil!} 1. e4 c5 2. Nf3 Nc6 3. Bb5 g6 4. O-O Bg7 5. Re1 a6 6. Bxc6
dxc6 7. d3 c4 8. d4 Bg4 9. c3 e5 10. Nbd2 exd4 11. cxd4 Qxd4 12. Nxd4 Bxd1 13.
Nxc4 Rd8 14. Rxd1 Rxd4 15. Nd6+ Ke7 16. Bf4 b5 17. b4 Rxd1+ 18. Rxd1 Nf6 19.
Nb7 Ra8 20. Bd6+ Ke8 21. f3 Nd7 22. e5 Nb6 0-1

[Event "MCR_CF285"]
[Site "?"]
[Date "2004.??.??"]
[Round "?"]
[White "Bernard, Roman"]
[Black "Fuka, Miroslav"]
[Result "0-1"]
[WhiteElo "2000"]
[BlackElo "2082"]
[PlyCount "34"]
[EventDate "2004.??.??"]
[SourceDate "2005.03.12"]

1. e4 Nc6 2. Nf3 d6 3. d4 Nf6 4. Nbd2 e5 5. Bb5 Bd7 6. c3 exd4 7. cxd4 d5 8. e5
Nb4 9. Bxd7+ Nxd7 10. O-O c5 11. dxc5 Nxc5 12. a3 Nc6 13. b4 Ne6 14. Nb3 a6 15.
Be3 Be7 16. Qd2 a5 17. b5 a4 {Bernard vystoupil!} 0-1

[Event "MCR_CF285"]
[Site "?"]
[Date "2004.??.??"]
[Round "?"]
[White "Bernard, Roman"]
[Black "Goc, Pavel"]
[Result "0-1"]
[WhiteElo "2000"]
[BlackElo "2198"]
[PlyCount "28"]
[EventDate "2004.??.??"]
[SourceDate "2005.03.12"]

{Bernard vystoupil!} 1. e4 e5 2. Nf3 Nc6 3. Bb5 a6 4. Ba4 Nf6 5. O-O Nxe4 6. d4
b5 7. Bb3 d5 8. Nxe5 Nxe5 9. dxe5 c6 10. Nd2 Nxd2 11. Qxd2 Be7 12. a4 Bf5 13.
Qf4 Bg6 14. Re1 O-O 0-1

[Event "MCR_CF285"]
[Site "?"]
[Date "2004.??.??"]
[Round "?"]
[White "Bernard, Roman"]
[Black "Houdek, Vladimir"]
[Result "0-1"]
[WhiteElo "2000"]
[BlackElo "2185"]
[PlyCount "38"]
[EventDate "2004.??.??"]
[SourceDate "2005.03.12"]

{Bernard vystoupil!} 1. e4 c5 2. Nf3 e6 3. Nc3 a6 4. d4 cxd4 5. Nxd4 Qc7 6. Bd3
Nf6 7. O-O Bc5 8. Nb3 Be7 9. f4 d6 10. a4 b6 11. e5 Nd5 12. Nxd5 exd5 13. exd6
Qxd6 14. Be3 Nd7 15. a5 O-O 16. axb6 Bd8 17. Qh5 g6 18. b7 Bxb7 19. Qh6 Bb6 0-1

[Event "MCR_CF285"]
[Site "?"]
[Date "2004.??.??"]
[Round "?"]
[White "Bernard, Roman"]
[Black "Latal, Frantisek"]
[Result "0-1"]
[WhiteElo "2000"]
[BlackElo "2009"]
[PlyCount "36"]
[EventDate "2004.??.??"]
[SourceDate "2005.03.12"]

{Bernard vystoupil!} 1. e4 c5 2. Nf3 Nc6 3. d4 cxd4 4. Nxd4 Nf6 5. Nc3 e5 6.
Ndb5 d6 7. Nd5 Nxd5 8. exd5 Ne7 9. Bd3 Nxd5 10. O-O a6 11. c4 Nb4 12. Nc3 Nxd3
13. Qxd3 Be7 14. Qg3 Bf6 15. Rd1 O-O 16. Bh6 a5 17. Ne4 Ra6 18. c5 Kh8 0-1

[Event "MCR_CF285"]
[Site "?"]
[Date "2004.??.??"]
[Round "?"]
[White "Brichacek, Milan"]
[Black "Bernard, Roman"]
[Result "1-0"]
[WhiteElo "2048"]
[BlackElo "2000"]
[PlyCount "41"]
[EventDate "2004.??.??"]
[SourceDate "2005.03.12"]

{Bernard vystoupil!} 1. e4 e5 2. Nf3 Nc6 3. Nc3 Nf6 4. Bb5 Nd4 5. Ba4 c6 6.
Nxe5 Qe7 7. Nf3 Nxf3+ 8. Qxf3 d5 9. O-O dxe4 10. Qe3 b5 11. Bb3 b4 12. Ne2 Nd5
13. Qd4 Nb6 14. d3 c5 15. Qe3 a5 16. dxe4 a4 17. Bd5 Nxd5 18. exd5 Qxe3 19.
Bxe3 a3 20. b3 c4 21. Rfd1 1-0

[Event "MCR_CF285"]
[Site "?"]
[Date "2004.??.??"]
[Round "?"]
[White "Brichacek, Milan"]
[Black "Celbr, Rudolf"]
[Result "1-0"]
[WhiteElo "2048"]
[BlackElo "2023"]
[PlyCount "105"]
[EventDate "2004.??.??"]
[SourceDate "2005.03.12"]

1. e4 c5 2. Nc3 e6 3. Nf3 Nc6 4. Bb5 Nd4 5. O-O a6 6. Be2 Nxe2+ 7. Qxe2 b5 8.
d3 Bb7 9. Bf4 Nf6 10. e5 b4 11. Ne4 Nxe4 12. dxe4 Be7 13. Rad1 Bc6 14. Qe3 Qa5
15. Ra1 Qb5 16. Nd2 O-O 17. c4 bxc3 18. bxc3 Qa4 19. Rfc1 Rab8 20. c4 Rb2 21.
a3 Rfb8 22. Qd3 Qa5 23. Rc2 R2b7 24. Rca2 Qd8 25. Rf1 Ba4 26. Qg3 Kh8 27. Re1
Qa5 28. Rc1 Bc6 29. Rac2 Qd8 30. Rc3 Rb2 31. Rd3 R8b6 32. Qg4 Qb8 33. Qh5 Qf8
34. Rh3 Qg8 35. Bg5 Bxg5 36. Qxg5 Qf8 37. Rd3 Ba4 38. f3 Kg8 39. Nf1 Ra2 40.
Qe3 Rbb2 41. Nd2 Qd8 42. h3 h6 43. Rd6 f6 44. exf6 Qxf6 45. e5 Qg5 46. f4 Qg6
47. g4 Bc6 48. Kf1 h5 49. g5 a5 50. Ke1 Qf5 51. Rd3 Rb8 52. Qg3 Rb1 53. Rxb1
1-0

[Event "MCR_CF285"]
[Site "?"]
[Date "2004.??.??"]
[Round "?"]
[White "Brichacek, Milan"]
[Black "Cvak, Rudolf"]
[Result "1/2-1/2"]
[WhiteElo "2048"]
[BlackElo "1920"]
[PlyCount "131"]
[EventDate "2004.??.??"]
[SourceDate "2005.03.12"]

1. e4 c5 2. Nc3 Nc6 3. Nf3 Nf6 4. Bb5 a6 5. Bxc6 dxc6 6. h3 Qc7 7. d4 e6 8. O-O
cxd4 9. Qxd4 c5 10. Qd3 b5 11. e5 Nd7 12. Bf4 Bb7 13. a4 c4 14. Qe2 b4 15. Ne4
Bd5 16. Rad1 Qb7 17. Rd4 Nc5 18. Nfd2 Rd8 19. Rd1 Rc8 20. Nd6+ Bxd6 21. exd6
O-O 22. Nxc4 Nd7 23. f3 Bxc4 24. Rxc4 Rxc4 25. Qxc4 Rc8 26. Qb3 Nc5 27. Qe3 Nd7
28. Rd2 Qc6 29. b3 Nb6 30. Be5 Nd5 31. Qg5 f6 32. Qg4 Qd7 33. Bg3 h6 34. h4
Qa7+ 35. Kh1 Qd7 36. Re2 Kf7 37. h5 a5 38. Qg6+ Kg8 39. Qg4 Re8 40. Bh2 Nc3 41.
Re1 Kf7 42. Bf4 Nd5 43. Bg3 Nc3 44. Qc4 Rc8 45. Qg4 Rc5 46. Bf4 Rf5 47. Kg1 Nd5
48. Bh2 Nc3 49. Kh1 Rg5 50. Qh3 Rc5 51. Bg3 Rd5 52. Kh2 Qe8 53. Re3 Qd7 54. Re1
Qe8 55. Qg4 e5 56. f4 e4 57. f5 Qd7 58. Rf1 Kf8 59. Kh3 Qe8 60. Kh2 Qc8 61. Qf4
Qe8 62. Qg4 Qc8 63. Kh3 Qc6 64. Bf4 Qd7 65. Bg3 Qe8 66. Kh2 1/2-1/2

[Event "MCR_CF285"]
[Site "?"]
[Date "2004.??.??"]
[Round "?"]
[White "Brichacek, Milan"]
[Black "Fuka, Miroslav"]
[Result "1-0"]
[WhiteElo "2048"]
[BlackElo "2082"]
[PlyCount "67"]
[EventDate "2004.??.??"]
[SourceDate "2005.03.12"]

1. e4 c6 2. d4 d5 3. exd5 cxd5 4. c3 Nc6 5. Nf3 Qb6 6. Qb3 Qxb3 7. axb3 Bf5 8.
Bf4 e6 9. b4 Nf6 10. b5 Nb8 11. Nbd2 Nbd7 12. Be2 Be7 13. O-O O-O 14. Ra2 Nh5
15. Be3 Nb6 16. Nb3 Nc8 17. Nc5 b6 18. Nd7 Re8 19. Nfe5 Nf6 20. Nxf6+ Bxf6 21.
Nc6 e5 22. dxe5 Bxe5 23. Bf3 Be4 24. Bxe4 dxe4 25. Rd1 f6 26. c4 Re6 27. Rd8+
Kf7 28. Bxb6 Re8 29. c5 Bf4 30. Bc7 Bxc7 31. Rd7+ Ke6 32. Rxc7 Kd5 33. b4 g5
34. Ra5 1-0

[Event "MCR_CF285"]
[Site "?"]
[Date "2004.??.??"]
[Round "?"]
[White "Brichacek, Milan"]
[Black "Goc, Pavel"]
[Result "1/2-1/2"]
[WhiteElo "2048"]
[BlackElo "2198"]
[PlyCount "71"]
[EventDate "2004.??.??"]
[SourceDate "2005.03.12"]

1. e4 e5 2. Nf3 Nc6 3. Nc3 Nf6 4. Bb5 Bb4 5. O-O O-O 6. d3 d6 7. Bg5 Bxc3 8.
bxc3 Qe7 9. Nd2 h6 10. Bh4 Nd8 11. Qf3 Ne6 12. Bxf6 Qxf6 13. Qxf6 gxf6 14. Bc4
f5 15. exf5 Nf4 16. g4 a5 17. a4 Ne2+ 18. Kg2 Nxc3 19. Ne4 Nxe4 20. dxe4 Bd7
21. h4 Kg7 22. Rfb1 b6 23. Bb5 Bxb5 24. Rxb5 f6 25. f3 Kf7 26. h5 Ke7 27. Kf2
Rg8 28. Ke2 Kd7 29. Kd3 Rab8 30. Rab1 Rbd8 31. Kc4 Rg7 32. c3 Kc6 33. Rd1 Rgd7
34. Rbd5 Rg7 35. Rb5 Rgd7 36. Rd2 1/2-1/2

[Event "MCR_CF285"]
[Site "?"]
[Date "2004.??.??"]
[Round "?"]
[White "Brichacek, Milan"]
[Black "Houdek, Vladimir"]
[Result "1-0"]
[WhiteElo "2048"]
[BlackElo "2185"]
[PlyCount "81"]
[EventDate "2004.??.??"]
[SourceDate "2005.03.12"]

1. e4 c5 2. Nf3 e6 3. Nc3 a6 4. Be2 b5 5. O-O Bb7 6. d4 cxd4 7. Qxd4 Nc6 8. Qe3
Qc7 9. Rd1 Nf6 10. a3 d6 11. Qg5 h6 12. Qg3 g5 13. Be3 g4 14. Nd2 Be7 15. Nf1
Ne5 16. Bd4 h5 17. Nd2 Nc6 18. Bxf6 Bxf6 19. Bxb5 Be5 20. Bxc6+ Qxc6 21. Qh4
Rc8 22. Rac1 Rh6 23. Qg5 Rf6 24. Rf1 a5 25. Nd1 Qc5 26. Kh1 Qd4 27. Re1 Rf4 28.
Nb3 Qb6 29. Nd2 a4 30. Qxh5 Qd4 31. Nf1 Bxe4 32. c3 Qd5 33. Nde3 Qb7 34. Re2
Kd7 35. Kg1 Bg6 36. Qg5 Rg8 37. Rd1 f6 38. Qh6 Qb3 39. Rde1 Qb8 40. g3 Rf3 41.
Nd2 1-0

[Event "MCR_CF285"]
[Site "?"]
[Date "2004.??.??"]
[Round "?"]
[White "Brichacek, Milan"]
[Black "Latal, Frantisek"]
[Result "1-0"]
[WhiteElo "2048"]
[BlackElo "2009"]
[PlyCount "39"]
[EventDate "2004.??.??"]
[SourceDate "2005.03.12"]

1. e4 e5 2. Nf3 Nc6 3. Nc3 Nf6 4. Bb5 Bb4 5. O-O O-O 6. d3 d6 7. Bg5 Bxc3 8.
bxc3 Qe7 9. Nd2 Nd8 10. f4 exf4 11. Bxf4 Bg4 12. Qe1 d5 13. Be3 c6 14. Ba4 Ne6
15. Qh4 Nc5 16. Bd4 Be2 17. e5 Nxa4 18. exf6 Qe6 19. Rf4 Rfd8 20. Qg5 1-0

[Event "MCR_CF285"]
[Site "?"]
[Date "2004.??.??"]
[Round "?"]
[White "Celbr, Rudolf"]
[Black "Bernard, Roman"]
[Result "1-0"]
[WhiteElo "2023"]
[BlackElo "2000"]
[PlyCount "36"]
[EventDate "2004.??.??"]
[SourceDate "2005.03.12"]

{Bernard vystoupil!} 1. c4 e5 2. Nc3 Nc6 3. Nf3 Nf6 4. d4 exd4 5. Nxd4 Bc5 6.
Nxc6 bxc6 7. e3 O-O 8. Be2 Qe7 9. O-O Re8 10. b3 Bd6 11. Bb2 Qe5 12. g3 Qe6 13.
Bf3 Be5 14. Qc2 Rb8 15. Rad1 Bb7 16. Ba3 d6 17. Ne2 Qh3 18. Bg2 Qh5 1-0

[Event "MCR_CF285"]
[Site "?"]
[Date "2004.??.??"]
[Round "?"]
[White "Celbr, Rudolf"]
[Black "Brichacek, Milan"]
[Result "1/2-1/2"]
[WhiteElo "2023"]
[BlackElo "2048"]
[PlyCount "118"]
[EventDate "2004.??.??"]
[SourceDate "2005.03.12"]

1. c4 e5 2. Nc3 Nf6 3. Nf3 Nc6 4. g3 Bb4 5. Bg2 O-O 6. O-O d6 7. a3 Bxc3 8.
bxc3 Be6 9. d3 h6 10. Rb1 Rb8 11. Nd2 Qd7 12. Ne4 Nxe4 13. Bxe4 f5 14. Bg2 f4
15. gxf4 exf4 16. Kh1 Ne5 17. Rg1 Kh8 18. Be4 Bf5 19. Bxf5 Qxf5 20. Rb2 g5 21.
f3 a6 22. Bd2 Rfe8 23. Be1 Kh7 24. Qa4 Qh3 25. Bf2 Re7 26. c5 d5 27. Qd1 c6 28.
Qf1 Qxf1 29. Rxf1 Kg6 30. Kg2 h5 31. h3 Rbe8 32. Rfb1 Nf7 33. Rxb7 Rxe2 34.
R1b2 Rxb2 35. Rxb2 Ne5 36. Rb6 Kf5 37. Bd4 a5 38. a4 g4 39. hxg4+ hxg4 40.
fxg4+ Kxg4 41. Bxe5 Rxe5 42. Rxc6 Re2+ 43. Kf1 Kf3 44. Rd6 Rd2 45. Ke1 Rxd3 46.
c4 Rc3 47. Rxd5 Rxc4 48. Kd2 Ke4 49. Rh5 Rd4+ 50. Kc3 Rd1 51. c6 f3 52. Rh2 Rd8
53. Kc4 Rf8 54. Rh1 f2 55. Rf1 Kf3 56. Kb5 Kg2 57. Rxf2+ Kxf2 58. Kxa5 Ke3 59.
c7 Kd4 1/2-1/2

[Event "MCR_CF285"]
[Site "?"]
[Date "2004.??.??"]
[Round "?"]
[White "Celbr, Rudolf"]
[Black "Houdek, Vladimir"]
[Result "1/2-1/2"]
[WhiteElo "2023"]
[BlackElo "2185"]
[PlyCount "92"]
[EventDate "2004.??.??"]
[SourceDate "2005.03.12"]

1. c4 e5 2. Nc3 Nf6 3. Nf3 Nc6 4. g3 d5 5. cxd5 Nxd5 6. Bg2 Nb6 7. O-O Be7 8.
d3 O-O 9. Be3 Be6 10. Rc1 f5 11. Qd2 h6 12. a3 a5 13. Qc2 Qd7 14. Na4 Nxa4 15.
Qxa4 Rad8 16. Rxc6 Qxc6 17. Qxc6 bxc6 18. Nxe5 Bd5 19. Nxc6 Bxc6 20. Bxc6 Rb8
21. Bd4 Bf6 22. Bd5+ Kh7 23. Bxf6 Rxf6 24. b3 Rd6 25. Bc4 Kg6 26. f4 Kf6 27.
Re1 Rd4 28. e3 Rd7 29. Kf2 Rbd8 30. e4 fxe4 31. dxe4 Rd2+ 32. Re2 Rxe2+ 33.
Kxe2 h5 34. e5+ Kf5 35. Ke3 c5 36. Bd3+ Ke6 37. Be2 h4 38. gxh4 Ke7 39. h5 Rb8
40. Bc4 Rh8 41. Kf3 Rxh5 42. Kg3 Rh8 43. a4 Rh6 44. h4 Rg6+ 45. Kf3 Rh6 46. Kg4
Rg6+ 1/2-1/2

[Event "MCR_CF285"]
[Site "?"]
[Date "2004.??.??"]
[Round "?"]
[White "Cvak, Rudolf"]
[Black "Bernard, Roman"]
[Result "1-0"]
[WhiteElo "1920"]
[BlackElo "2000"]
[PlyCount "21"]
[EventDate "2004.??.??"]
[SourceDate "2005.03.12"]

{Bernard vystoupil!} 1. e4 e5 2. Nf3 Nc6 3. Bb5 a6 4. Ba4 Nf6 5. d4 exd4 6. O-O
Nxe4 7. Re1 d5 8. Nxd4 Bd6 9. Nxc6 Bxh2+ 10. Kh1 Qh4 11. Rxe4+ 1-0

[Event "MCR_CF285"]
[Site "?"]
[Date "2004.??.??"]
[Round "?"]
[White "Cvak, Rudolf"]
[Black "Brichacek, Milan"]
[Result "1/2-1/2"]
[WhiteElo "1920"]
[BlackElo "2048"]
[PlyCount "96"]
[EventDate "2004.??.??"]
[SourceDate "2005.03.12"]

1. e4 c5 2. Nf3 Nc6 3. d4 cxd4 4. Nxd4 g6 5. c4 Bg7 6. Be3 Nf6 7. Nc3 O-O 8.
Be2 d6 9. O-O Bd7 10. Qd2 Ng4 11. Bxg4 Bxg4 12. h3 Bd7 13. Rad1 Qa5 14. c5 Bxd4
15. Bxd4 dxc5 16. Bxc5 Qxc5 17. Qxd7 Rab8 18. Qc7 e6 19. a3 Rfc8 20. Qg3 Rd8
21. Kh2 a5 22. f4 b5 23. e5 Qc4 24. Rde1 Rd4 25. Rc1 Qb3 26. Qf2 Rbd8 27. Rfe1
Rd2 28. Qb6 b4 29. axb4 axb4 30. Qxc6 bxc3 31. Rxc3 Qb4 32. Rf1 Rxb2 33. Rc2
Rxc2 34. Qxc2 Rd2 35. Qc1 Kg7 36. Qe1 Qb2 37. Qg3 Qc2 38. h4 Qc4 39. Rf2 Rd1
40. Qe3 Rd3 41. Qe2 Qd4 42. Rf3 Rd2 43. Qe3 Qb2 44. Qg1 h5 45. Qh1 Qc2 46. Qg1
Kg8 47. Ra3 Kg7 48. Rf3 Kh8 1/2-1/2

[Event "MCR_CF285"]
[Site "?"]
[Date "2004.??.??"]
[Round "?"]
[White "Cvak, Rudolf"]
[Black "Fuka, Miroslav"]
[Result "1-0"]
[WhiteElo "1920"]
[BlackElo "2082"]
[PlyCount "95"]
[EventDate "2004.??.??"]
[SourceDate "2005.03.12"]

1. e4 e5 2. Nc3 Nf6 3. Bc4 Nxe4 4. Qh5 Nd6 5. Bb3 Be7 6. Nf3 Nc6 7. Nxe5 g6 8.
Nxc6 dxc6 9. Qa5 O-O 10. O-O b6 11. Qa4 b5 12. Qf4 a5 13. a4 b4 14. Ne4 Nf5 15.
c3 Rb8 16. Bc4 Be6 17. Bxe6 fxe6 18. d4 Nxd4 19. Qg4 Nf5 20. Rd1 Qc8 21. Bg5
Qe8 22. Rd2 Bxg5 23. Qxg5 bxc3 24. bxc3 Rd8 25. Re1 Rxd2 26. Qxd2 Qd8 27. Qxd8
Rxd8 28. Kf1 Rd3 29. Ke2 Rd8 30. Nc5 Kf7 31. Kf1 Ng7 32. Nb7 Rd5 33. c4 Rh5 34.
h3 Ke7 35. f3 Rf5 36. Kf2 Ne8 37. g4 Rf4 38. Nxa5 Kf6 39. Re4 Rxe4 40. fxe4 Nd6
41. Nxc6 Nxe4+ 42. Ke3 Nc5 43. a5 Na6 44. Kd4 Kg5 45. c5 e5+ 46. Kc4 e4 47. Kb5
Nb8 48. Nxb8 1-0

[Event "MCR_CF285"]
[Site "?"]
[Date "2004.??.??"]
[Round "?"]
[White "Cvak, Rudolf"]
[Black "Goc, Pavel"]
[Result "1-0"]
[WhiteElo "1920"]
[BlackElo "2198"]
[PlyCount "75"]
[EventDate "2004.??.??"]
[SourceDate "2005.03.12"]

1. e4 e5 2. Nf3 Nc6 3. Bb5 a6 4. Ba4 Nf6 5. d4 exd4 6. O-O Be7 7. e5 Ne4 8.
Nxd4 O-O 9. Nf5 d5 10. Bxc6 bxc6 11. Nxe7+ Qxe7 12. Re1 Re8 13. f3 Nd6 14. b3
f6 15. Bb2 Nf7 16. f4 fxe5 17. fxe5 Bf5 18. Nd2 Qb4 19. a3 Qb6+ 20. Kh1 Nh6 21.
Nf3 Ng4 22. Qd4 Qxd4 23. Bxd4 Re6 24. Rac1 Rae8 25. c4 R6e7 26. cxd5 cxd5 27.
Rc6 Be4 28. Rxa6 Bxf3 29. gxf3 Nxe5 30. Bc5 Re6 31. Rxe6 Rxe6 32. Bd4 Nxf3 33.
Rxe6 Nxd4 34. Re7 c6 35. Rb7 h5 36. a4 Ne6 37. a5 Nc5 38. Rb6 1-0

[Event "MCR_CF285"]
[Site "?"]
[Date "2004.??.??"]
[Round "?"]
[White "Cvak, Rudolf"]
[Black "Houdek, Vladimir"]
[Result "1-0"]
[WhiteElo "1920"]
[BlackElo "2185"]
[PlyCount "97"]
[EventDate "2004.??.??"]
[SourceDate "2005.03.12"]

1. e4 c5 2. Nc3 Nc6 3. f4 g6 4. Nf3 Bg7 5. Bb5 Nd4 6. a4 e6 7. O-O Ne7 8. Nxd4
Bxd4+ 9. Kh1 a6 10. Be2 O-O 11. e5 d5 12. Nb1 c4 13. d3 cxd3 14. Qxd3 Bb6 15.
Nd2 Bd7 16. Nf3 Rc8 17. Bd2 Qc7 18. c3 Kh8 19. Ng5 Kg7 20. Qh3 h6 21. Nf3 Nf5
22. a5 Bc5 23. Bd3 Be3 24. Bxf5 Bxd2 25. Nxd2 exf5 26. Rfd1 Qc6 27. Nf3 Qb5 28.
Rdb1 Qe2 29. Qh4 Rfe8 30. Nd4 Qd2 31. Qf6+ Kg8 32. Qb6 Bc6 33. Rf1 Qe3 34. Rf3
Qe4 35. Kg1 f6 36. e6 Rxe6 37. Nxe6 Qxe6 38. Re3 Qd6 39. Qd4 Kf7 40. c4 h5 41.
Rd1 Rd8 42. c5 Qd7 43. Rde1 h4 44. b4 Rg8 45. Qd2 Rg7 46. Qe2 Kg8 47. Re6 Qd8
48. Qb2 Rf7 49. Qf2 1-0

[Event "MCR_CF285"]
[Site "?"]
[Date "2004.??.??"]
[Round "?"]
[White "Cvak, Rudolf"]
[Black "Latal, Frantisek"]
[Result "1-0"]
[WhiteElo "1920"]
[BlackElo "2009"]
[PlyCount "59"]
[EventDate "2004.??.??"]
[SourceDate "2005.03.12"]

1. e4 c5 2. Nf3 Nc6 3. d4 cxd4 4. Nxd4 Nf6 5. Nc3 e5 6. Ndb5 d6 7. Bg5 a6 8.
Bxf6 gxf6 9. Na3 b5 10. Nd5 f5 11. Bxb5 axb5 12. Nxb5 Ra4 13. b4 Rxb4 14. Nbc7+
Kd7 15. Nxb4 Qxc7 16. Nd5 Qa5+ 17. c3 Kd8 18. O-O fxe4 19. Qb3 f5 20. Nb6 Qa7
21. Rfb1 Qb7 22. Qc4 Ne7 23. Nxc8 Qxc8 24. Qf7 Kc7 25. Rb4 Qa8 26. Rab1 Qd5 27.
Qf6 Rg8 28. c4 Qc6 29. c5 Qxc5 30. Qe6 1-0

[Event "MCR_CF285"]
[Site "?"]
[Date "2004.??.??"]
[Round "?"]
[White "Fuka, Miroslav"]
[Black "Bernard, Roman"]
[Result "1-0"]
[WhiteElo "2082"]
[BlackElo "2000"]
[PlyCount "43"]
[EventDate "2004.??.??"]
[SourceDate "2005.03.12"]

1. e4 e5 2. Nf3 Nc6 3. Bc4 Bc5 4. b4 Bxb4 5. c3 Ba5 6. d4 exd4 7. O-O dxc3 8.
Qb3 Qf6 9. e5 Qg6 10. Nxc3 Nge7 11. Ba3 O-O 12. Rad1 Rd8 13. Bxe7 Nxe7 14.
Bxf7+ Qxf7 15. e6 Qf4 16. Rd4 Qf8 17. exd7+ Qf7 18. Nd5 Nxd5 19. Ne5 Qe6 20.
Rxd5 Bxd7 21. Nxd7 Kh8 22. Qxb7 {Bernard vystoupil!} 1-0

[Event "MCR_CF285"]
[Site "?"]
[Date "2004.??.??"]
[Round "?"]
[White "Fuka, Miroslav"]
[Black "Brichacek, Milan"]
[Result "0-1"]
[WhiteElo "2082"]
[BlackElo "2048"]
[PlyCount "110"]
[EventDate "2004.??.??"]
[SourceDate "2005.03.12"]

1. d4 d5 2. c4 e6 3. Nf3 Nf6 4. Bg5 Bb4+ 5. Nc3 h6 6. Bxf6 Qxf6 7. a3 Bxc3+ 8.
bxc3 O-O 9. e3 c5 10. Qb3 dxc4 11. Qxc4 b6 12. Qa4 Bb7 13. Be2 Rd8 14. O-O Nd7
15. Rfd1 a6 16. Qb3 Rab8 17. a4 Rbc8 18. Rac1 Qe7 19. Ne5 cxd4 20. Nxd7 Rxd7
21. cxd4 Rdc7 22. Rxc7 Qxc7 23. Bd3 Qc3 24. Qxc3 Rxc3 25. Bf1 Ra3 26. Rb1 Be4
27. Rc1 Rxa4 28. f3 Bg6 29. Rc6 b5 30. Rc8+ Kh7 31. Ra8 b4 32. Rxa6 Rxa6 33.
Bxa6 Bc2 34. Bb5 Kg6 35. Kf2 b3 36. Ba4 Bd1 37. Bb5 b2 38. Bd3+ Kg5 39. Bb1 Kh4
40. Ke1 Bb3 41. Kf2 g5 42. Kg1 g4 43. g3+ Kh5 44. Kf2 gxf3 45. Kxf3 f5 46. e4
fxe4+ 47. Kf4 Bd5 48. h3 Bc4 49. Kxe4 Bf1 50. Ke5 Bxh3 51. d5 exd5 52. Kxd5 Bd7
53. Kd6 Be8 54. g4+ Kxg4 55. Ke7 Bc6 0-1

[Event "MCR_CF285"]
[Site "?"]
[Date "2004.??.??"]
[Round "?"]
[White "Fuka, Miroslav"]
[Black "Celbr, Rudolf"]
[Result "1-0"]
[WhiteElo "2082"]
[BlackElo "2023"]
[PlyCount "77"]
[EventDate "2004.??.??"]
[SourceDate "2005.03.12"]

1. e4 c5 2. Nf3 Nc6 3. Nc3 Nf6 4. d4 cxd4 5. Nxd4 e6 6. Nxc6 bxc6 7. e5 Nd5 8.
Ne4 Qc7 9. f4 Qb6 10. c4 Bb4+ 11. Ke2 f5 12. Nf2 Ba6 13. Kf3 Ne7 14. Be3 Bc5
15. Bxc5 Qxc5 16. Qd6 Qa5 17. h4 Nc8 18. Qd3 Nb6 19. b3 O-O 20. Be2 d5 21. exd6
e5 22. fxe5 Qxe5 23. Rad1 Rae8 24. Rhe1 Nd5 25. Nh3 Qh2 26. d7 Re3+ 27. Qxe3
Nxe3 28. Kxe3 Qg3+ 29. Bf3 Rd8 30. Ke2 Qc7 31. Kf1 Rxd7 32. Re8+ Kf7 33. Rde1
h6 34. R8e6 Qg3 35. Bh5+ g6 36. Rxg6 Qd3+ 37. Re2 Kf8 38. Nf4 Qd1+ 39. Re1 1-0

[Event "MCR_CF285"]
[Site "?"]
[Date "2004.??.??"]
[Round "?"]
[White "Fuka, Miroslav"]
[Black "Cvak, Rudolf"]
[Result "0-1"]
[WhiteElo "2082"]
[BlackElo "1920"]
[PlyCount "58"]
[EventDate "2004.??.??"]
[SourceDate "2005.03.12"]

1. d4 Nf6 2. c4 c5 3. d5 b5 4. cxb5 a6 5. bxa6 Bxa6 6. e3 Qa5+ 7. Bd2 Qb6 8.
Bc3 Bxf1 9. Kxf1 Na6 10. Nf3 Nc7 11. Bxf6 Qxf6 12. Nc3 g6 13. e4 Bg7 14. g3 Qb6
15. Qc2 f5 16. exf5 O-O 17. Nh4 gxf5 18. Rd1 e6 19. Kg2 Qb7 20. Kh3 Bd4 21. f4
Rf6 22. Rhe1 Rh6 23. Rd3 Rb8 24. Nd1 Nxd5 25. Rb3 Qc7 26. Rxb8+ Qxb8 27. Qd2
Kh8 28. Rf1 Qg8 29. Qe2 Ne7 0-1

[Event "MCR_CF285"]
[Site "?"]
[Date "2004.??.??"]
[Round "?"]
[White "Fuka, Miroslav"]
[Black "Goc, Pavel"]
[Result "1/2-1/2"]
[WhiteElo "2082"]
[BlackElo "2198"]
[PlyCount "79"]
[EventDate "2004.??.??"]
[SourceDate "2005.03.12"]

1. e4 e5 2. Nf3 Nc6 3. Bc4 Nf6 4. Ng5 d5 5. exd5 Na5 6. Bb5+ c6 7. dxc6 bxc6 8.
Be2 h6 9. Nf3 e4 10. Ne5 Bd6 11. f4 O-O 12. O-O Qc7 13. Nc3 Bf5 14. a3 Nd5 15.
b4 Nb7 16. Bb2 a5 17. Kh1 axb4 18. Nxd5 cxd5 19. axb4 Bxb4 20. Ng4 Rxa1 21.
Bxa1 Bxg4 22. Bxg4 Bd6 23. g3 Ra8 24. Qb1 Ra4 25. Qb2 d4 26. Qb5 Nc5 27. c4
dxc3 28. Qe8+ Bf8 29. Bxc3 Qb7 30. h4 e3+ 31. Bf3 Re4 32. Qd8 Qb5 33. Re1 Nb7
34. Qa8 exd2 35. Bxe4 dxe1=Q+ 36. Bxe1 Nc5 37. Bf2 Nxe4 38. Qxe4 Qf1+ 39. Bg1
Qh3+ 40. Bh2 1/2-1/2

[Event "MCR_CF285"]
[Site "?"]
[Date "2004.??.??"]
[Round "?"]
[White "Fuka, Miroslav"]
[Black "Houdek, Vladimir"]
[Result "1/2-1/2"]
[WhiteElo "2082"]
[BlackElo "2185"]
[PlyCount "68"]
[EventDate "2004.??.??"]
[SourceDate "2005.03.12"]

1. d4 d5 2. Nf3 Nf6 3. c4 dxc4 4. Qa4+ c6 5. Qxc4 Bf5 6. g3 e6 7. Bg2 Nbd7 8.
O-O Be7 9. Nbd2 O-O 10. Qb3 Nb6 11. Nc4 Nxc4 12. Qxc4 h6 13. Nd2 Qb6 14. b3
Rad8 15. Bb2 Bb4 16. Rfd1 Bg6 17. e3 Qa5 18. Nf1 Ne4 19. a3 Be7 20. f3 Nd6 21.
Qe2 Qb6 22. b4 Qb5 23. Qxb5 cxb5 24. Nd2 Rc8 25. Rac1 Rfd8 26. e4 b6 27. Bf1 a6
28. Rxc8 Rxc8 29. Rc1 Rxc1 30. Bxc1 Ne8 31. Kf2 f5 32. Bd3 Nf6 33. Ke2 Kf7 34.
Kf2 fxe4 1/2-1/2

[Event "MCR_CF285"]
[Site "?"]
[Date "2004.??.??"]
[Round "?"]
[White "Fuka, Miroslav"]
[Black "Latal, Frantisek"]
[Result "0-1"]
[WhiteElo "2082"]
[BlackElo "2009"]
[PlyCount "40"]
[EventDate "2004.??.??"]
[SourceDate "2005.03.12"]

1. e4 e5 2. Nf3 Nc6 3. Bc4 Bc5 4. O-O d6 5. h3 Nf6 6. c3 Bb6 7. Re1 O-O 8. b4
Nxe4 9. Rxe4 d5 10. Re1 dxc4 11. b5 Na5 12. Rxe5 f6 13. Re1 Bf5 14. Na3 Qd7 15.
Bb2 Rfe8 16. Rxe8+ Rxe8 17. Nd4 Bd3 18. Qg4 Qxg4 19. hxg4 Re4 20. f3 Re2 0-1

[Event "MCR_CF285"]
[Site "?"]
[Date "2004.??.??"]
[Round "?"]
[White "Goc, Pavel"]
[Black "Brichacek, Milan"]
[Result "1/2-1/2"]
[WhiteElo "2198"]
[BlackElo "2048"]
[PlyCount "36"]
[EventDate "2004.??.??"]
[SourceDate "2005.03.12"]

1. e4 e6 2. d4 d5 3. Nd2 Nf6 4. e5 Nfd7 5. Bd3 c5 6. c3 Nc6 7. Ne2 cxd4 8. cxd4
f6 9. Nf4 Qe7 10. Nf3 fxe5 11. dxe5 Qb4+ 12. Bd2 Qxb2 13. Rb1 Qxa2 14. Nxe6 Nc5
15. Nxc5 Bxc5 16. O-O O-O 17. Ra1 Qb2 18. Rb1 Qa2 1/2-1/2